| 000 | 00521nam a2200181Ia 4500 | ||
|---|---|---|---|
| 005 | 20250923144254.0 | ||
| 008 | 008 250917s9999 xx 000 0 eng d | ||
| 037 | _aTextual | ||
| 040 |
_aDSWL _beng _cDSWL |
||
| 041 |
_aeng _2eng |
||
| 084 |
_aYX,ZB;r, N46;1 _qDSWL |
||
| 100 |
_aHamilton, Gordon _9823080 |
||
| 245 | 0 |
_aPrinciples of social case record _cby Gordon Hamilton |
|
| 260 |
_aNew York _c1947 |
||
| 300 | _a142 p. | ||
| 942 |
_cTEXL _hYX,ZB;r, N46;1 |
||
| 999 |
_c1436856 _d1436856 |
||